000 00546nkm a2200193 i 4500
001 bg
245 0 0 _aSchritte international 2.
260 _a[Warszawa] :
_bHueber,
_c[cop. 2006].
300 _aTeka (7 plakatów) :
_bfot., kolor. ;
_c59x84 cm.
500 _aDodatek do podręcznika Schritte 2 International.
650 9 _aJęzyk niemiecki
655 _aMateriały pomocnicze dla szkół
040 _cBPK
041 0 _ager
044 _apol
080 _a811.112.2(07)(084.5)
942 _cTB
008 s pl f |000 0 pol
999 _c49235
_d49235
856 _uhttp://koha.tu.koszalin.pl/cgi-bin/koha/opac-detail.pl?biblionumber=49235
_yKatalog online BPK